<?xml version="1.0" encoding="UTF-8"?>
<collection xmlns="http://www.loc.gov/MARC21/slim">
 <record>
  <leader>04658nam a2200325 a 4500</leader>
  <controlfield tag="001">kal1217</controlfield>
  <controlfield tag="003">Gr-AtHEAL</controlfield>
  <controlfield tag="005">20160422103403.0</controlfield>
  <controlfield tag="006">m        d        </controlfield>
  <controlfield tag="008">160413s2015    gr      s           gre|c</controlfield>
  <datafield tag="020" ind1=" " ind2=" ">
   <subfield code="a">9789606031595</subfield>
  </datafield>
  <datafield tag="040" ind1=" " ind2=" ">
   <subfield code="a">GR-AtHEAL</subfield>
   <subfield code="b">gre</subfield>
   <subfield code="c">GR-AtHEAL</subfield>
  </datafield>
  <datafield tag="082" ind1="0" ind2="4">
   <subfield code="a">621.381</subfield>
   <subfield code="2">23</subfield>
  </datafield>
  <datafield tag="100" ind1="1" ind2=" ">
   <subfield code="a">Νισταζάκης, Έκτορας.</subfield>
   <subfield code="8">1004</subfield>
  </datafield>
  <datafield tag="245" ind1="1" ind2="0">
   <subfield code="a">Εργαστηριακός οδηγός και ασκήσεις ηλεκτρονικής</subfield>
   <subfield code="h">[Ηλεκτρονικός πόρος] </subfield>
   <subfield code="b">Σχεδίαση ηλεκτρονικών κυκλωμάτων αριθμητική μοντελοποίηση και υλοποίηση τους</subfield>
   <subfield code="c">Νισταζάκης, Έκτορας ; Κριτικός αναγνώστης,Τόμπρας, Γεώργιος ; Τεχνική επιμέλεια,Κοκολάκης, Αντώνιος ; Γλωσσική επιμέλεια,Καλλιάρας, Δημήτρης.</subfield>
  </datafield>
  <datafield tag="260" ind1=" " ind2=" ">
   <subfield code="a">Αθήνα :</subfield>
   <subfield code="b">Σύνδεσμος Ελληνικών Ακαδημαϊκών Βιβλιοθηκών,</subfield>
   <subfield code="c">c2015.</subfield>
  </datafield>
  <datafield tag="490" ind1=" " ind2=" ">
   <subfield code="a">Ακαδημαϊκά Ηλεκτρονικά Συγγράμματα και Βοηθήματα Κάλλιπος</subfield>
   <subfield code="8">40</subfield>
  </datafield>
  <datafield tag="520" ind1=" " ind2=" ">
   <subfield code="a">Στο βιβλίο αυτό παρουσιάζεται συνοπτικά ο τρόπος θεωρητικής μελέτης αλλά και εργαστηριακής-πειραματικής υλοποίησης ηλεκτρονικών κυκλωμάτων. Στόχος του είναι, οι φοιτητές να κατανοήσουν τη λειτουργία, απλών αλλά και πιο σύνθετων, κυκλωμάτων, να τα υλοποιήσουν στο εργαστήριο και να μελετήσουν τα χαρακτηριστικά τους.Στα εισαγωγικά κεφάλαια του βιβλίου παρουσιάζονται τα βασικά ηλεκτρονικά στοιχεία καθώς και κάποια είδη σημάτων και οι ιδιότητες τους, τα οποία αποτελούν την απαραίτητη βασική γνώση, για τη μελέτη της λειτουργίας των ηλεκτρονικών κυκλωμάτων, στο εργαστήριο. Έτσι, εξετάζονται απλά και βασικά ηλεκτρονικά κυκλώματα, τα οποία πρέπει να γνωρίζει και να μπορεί να κατανοεί κάθε φοιτητής που έχει παρακολουθήσει ένα βασικό μάθημα “Ηλεκτρονικής”, καθώς και πολύ πιο σύνθετα, τα οποία πρέπει να μπορεί να αντιλαμβάνεται και να επιλύει κάποιος ο οποίος έχει επιλέξει να ακολουθήσει συγκεκριμένη επιστημονική κατεύθυνση σχετική με την ηλεκτρονική Φυσική.Πιο συγκεκριμένα, στο βιβλίο αυτό, αφού παρουσιάζεται και αναλύεται, η λειτουργία βασικών ηλεκτρονικών στοιχείων, μελετώνται κυκλώματα με διόδους, με τρανζίστορ επαφής, με τελεστικούς ενισχυτές και με τρανζίστορ επίδρασης πεδίου. Επίσης εξετάζονται από απλά ψηφιακά κυκλώματα έως πιο σύνθετα π.χ. flip-flop. Όλα τα κυκλώματα αναλύονται θεωρητικά ενώ παρουσιάζεται και ο τρόπος της εργαστηριακής υλοποίησης τους.</subfield>
  </datafield>
  <datafield tag="650" ind1=" " ind2="0">
   <subfield code="a">Electronics  </subfield>
   <subfield code="x">Problems, exercises</subfield>
   <subfield code="8">2246</subfield>
  </datafield>
  <datafield tag="653" ind1=" " ind2=" ">
   <subfield code="a">Ηλεκτρικά κυκλώματα</subfield>
  </datafield>
  <datafield tag="653" ind1=" " ind2=" ">
   <subfield code="a">Εργαστηριακές ασκήσεις</subfield>
  </datafield>
  <datafield tag="653" ind1=" " ind2=" ">
   <subfield code="a">Ασκήσεις προσομοίωσης</subfield>
  </datafield>
  <datafield tag="653" ind1=" " ind2=" ">
   <subfield code="a">Ηλεκτρονική φυσική</subfield>
  </datafield>
  <datafield tag="653" ind1=" " ind2=" ">
   <subfield code="a">Φυσική</subfield>
   <subfield code="a">Ηλεκτρονική φυσική και σχετικές επιστημονικές περιοχές</subfield>
  </datafield>
  <datafield tag="700" ind1="1" ind2=" ">
   <subfield code="a">Τόμπρας, Γεώργιος</subfield>
   <subfield code="e">Κριτικός αναγνώστης</subfield>
   <subfield code="8">1005</subfield>
  </datafield>
  <datafield tag="856" ind1="4" ind2="0">
   <subfield code="u">http://hdl.handle.net/11419/1217</subfield>
   <subfield code="z">Πλήρες Κείμενο - Full text</subfield>
  </datafield>
  <datafield tag="907" ind1=" " ind2=" ">
   <subfield code="a">.b2567934x</subfield>
   <subfield code="b">12-06-18</subfield>
   <subfield code="c">29-07-16</subfield>
  </datafield>
  <datafield tag="949" ind1=" " ind2=" ">
   <subfield code="0">0</subfield>
   <subfield code="1">0</subfield>
   <subfield code="2">ddc</subfield>
   <subfield code="4">0</subfield>
   <subfield code="6">621_381000000000000_ΝΙΣ</subfield>
   <subfield code="7">0</subfield>
   <subfield code="8">KALL</subfield>
   <subfield code="8">693</subfield>
   <subfield code="d">2016-04-13</subfield>
   <subfield code="r">2016-04-13</subfield>
   <subfield code="w">2016-04-13</subfield>
   <subfield code="z">621.381 ΝΙΣ</subfield>
   <subfield code="o">SEAB KALLIPOS</subfield>
  </datafield>
  <datafield tag="998" ind1=" " ind2=" ">
   <subfield code="a">80</subfield>
   <subfield code="a">01</subfield>
   <subfield code="a">02</subfield>
   <subfield code="a">03</subfield>
   <subfield code="a">04</subfield>
   <subfield code="a">05</subfield>
   <subfield code="a">06</subfield>
   <subfield code="a">07</subfield>
   <subfield code="a">08</subfield>
   <subfield code="a">09</subfield>
   <subfield code="a">10</subfield>
   <subfield code="a">11</subfield>
   <subfield code="a">12</subfield>
   <subfield code="a">13</subfield>
   <subfield code="a">14</subfield>
   <subfield code="a">15</subfield>
   <subfield code="a">16</subfield>
   <subfield code="a">17</subfield>
   <subfield code="a">18</subfield>
   <subfield code="a">19</subfield>
   <subfield code="a">20</subfield>
   <subfield code="a">21</subfield>
   <subfield code="a">22</subfield>
   <subfield code="a">23</subfield>
   <subfield code="a">24</subfield>
   <subfield code="a">25</subfield>
   <subfield code="a">26</subfield>
   <subfield code="b">16-05-17</subfield>
   <subfield code="c">m</subfield>
   <subfield code="d">z  </subfield>
   <subfield code="e">-</subfield>
   <subfield code="f">gre</subfield>
   <subfield code="g">gr </subfield>
   <subfield code="h">0</subfield>
  </datafield>
  <datafield tag="942" ind1=" " ind2=" ">
   <subfield code="2">ddc</subfield>
   <subfield code="c">KALLIPOS</subfield>
  </datafield>
 </record>
</collection>
